000 00589nam a2200169Ia 4500
008 140527s9999 xx 000 0 und d
020 _a9789710391639
050 _aLB 1575.9
_b.M37 2012
100 _aMacascas, Cristina D. Dimaguila-
245 _aPunla :
_bsanayang aklat sa special Filipino(pagtuturo sa Filipino sa nagsisimulang mag-aaral) /
_cCristina D. Dimaguila-Macascas.
260 _aQuezon City, Philippines :
_bGreat Books Pub.,
_cc2012.
300 _a150 p. :
_bill. ;
_c26 cm.
500 _aIncludes index.
521 _aGE
942 _kLOC
_cBK
999 _c117398
_d117398